000 00540nam a2200193Ia 4500
005 20250508161649.0
008 008 250505s9999 xx 000 0 eng d
037 _aTextual
040 _aFEDL
_beng
_cFEDL
041 _aeng
_2eng
084 _a613.9, HAR
_qFEDL
100 _aHarris Harry Ed.
_9771245
245 0 _aAdvances in human genetics
260 _aNew York, USA
_bPlenum Press
_c1970
300 _axii,339p
700 _a Hirschhorn Kurt Ed.
_9771246
942 _cTEXL
_h613.9, HAR
999 _c1371420
_d1371420